Geography Quiz

Random Geography or Asia Quiz

Asia's Largest Cities Quiz Stats

 Plays Quiz Updated Mar 28, 2019

Score 0/144 Timer 16:00
0 Plays Today
Country City % Correct
ChinaBeijing
88.9%
JapanTokyo
88%
South KoreaSeoul
81.7%
IraqBaghdad
80.6%
ChinaShanghai
80%
IsraelJerusalem
78.7%
AfghanistanKabul
78.6%
IndiaMumbai
77.3%
IranTehran
75.5%
IndonesiaJakarta
72.4%
IndiaDelhi
70.5%
RussiaMoscow
70.4%
PhilippinesManila
69.7%
United Arab EmiratesDubai
67.6%
North KoreaPyŏngyang
65.9%
IsraelTel Aviv-Jaffa
65.5%
VietnamHanoi
64.1%
TurkeyIstanbul
64.1%
TurkeyAnkara
62.6%
VietnamHo Chi Minh City
62.5%
LebanonBeirut
62.2%
SyriaDamascus
61.9%
TaiwanNew Taipei
61.8%
BangladeshDhaka
60.7%
MalaysiaKuala Lumpur
60.6%
IndiaKolkata
60.1%
JapanOsaka
60%
Saudi ArabiaRiyadh
59.4%
NepalKathmandu
57.7%
United Arab EmiratesAbu Dhabi
56.5%
JordanAmman
55.9%
Kyrgyzstan
55.5%
MongoliaUlaanbaatar
53.3%
AzerbaijanBaku
53.1%
Sri LankaColombo
52.9%
PakistanKarachi
52.9%
ChinaGuangzhou
52.2%
RussiaSaint Petersburg
51.2%
CambodiaPhnom Penh
50.5%
QatarDoha
48.6%
GeorgiaTbilisi
48.4%
OmanMuscat
46.1%
ArmeniaYerevan
46.1%
Saudi ArabiaMecca
45.6%
KazakhstanNur-Sultan
45%
YemenSana'a
44.5%
MaldivesMalé
42.7%
UzbekistanTashkent
41.8%
Country City % Correct
LaosVientiane
41.4%
MyanmarYangon
41%
PalestineGaza
40.2%
PakistanLahore
40.1%
BahrainManama
39.5%
ThailandBangkok
38.8%
KyrgyzstanBişkek
38.6%
Timor-LesteDili
37.1%
BhutanThimphu
36%
IsraelHaifa
33.5%
BruneiBandar Seri Begawan
33%
South KoreaBusan
32.5%
TajikistanDushanbe
32.5%
TurkmenistanAshgabat
31.8%
KazakhstanAlmaty
31.1%
JapanYokohama
30.6%
IraqBasra
27.8%
IraqMosul
27.6%
AfghanistanKandahār
27.2%
SyriaAleppo
26.2%
TurkeyIzmir
26%
Saudi ArabiaJeddah
25.9%
South KoreaIncheon
22.7%
BangladeshChittagong
22.3%
RussiaNovosibirsk
20%
YemenAden
19.2%
IranIsfahan
16.5%
LebanonTripoli
15.6%
PhilippinesCebu
15.6%
MyanmarMandalay
15.3%
IndonesiaSurabaya
14.9%
UzbekistanSamarkand
14.4%
AfghanistanHerāt
14.1%
SyriaHoms
13.2%
IndonesiaBandung
12.7%
IranMashhad
12.1%
PakistanFaisalabad
12.1%
PhilippinesDavao
11.9%
United Arab EmiratesAl Ain
10.7%
TaiwanKaohsiung
9.7%
VietnamDa Nang
9.4%
PalestineJabalia
8.6%
KyrgyzstanJalal-Abad
8.5%
MyanmarNaypyidaw
8.1%
GeorgiaBatumi
7.7%
AzerbaijanGanja
7.7%
TaiwanTaichung
7.7%
TurkmenistanTürkmenabat
7%
Country City % Correct
North KoreaHamhŭng
6.9%
PalestineKhan Yunis
6.5%
ArmeniaGyumri
6.5%
BangladeshNarayanganj
6.3%
OmanṢalālah
6.1%
CambodiaBattambang
6%
GeorgiaKutaisi
6%
CambodiaSiem Reap
6%
YemenTaiz
5.8%
JordanIrbid
5.6%
MalaysiaKlang
5.6%
ArmeniaVanadzor
5.3%
KazakhstanShymkent
5.3%
JordanZarqa
5.2%
BahrainAr Rifa`
5.1%
NepalPokharā
5.1%
BruneiKuala Belait
5.1%
BahrainMuharraq
5%
North KoreaChŏngjin
5%
LaosPakse
5%
Timor-LesteBaucau
4.8%
AzerbaijanSumqayıt
4.8%
MalaysiaJohor Bahru
4.7%
MongoliaErdenet
4.5%
LaosSavannakhet
4.3%
ThailandNonthaburi
4.2%
MongoliaDarkhan
4.1%
OmanAs Sīb
4.1%
UzbekistanNamangan
4.1%
BruneiSeria
4.1%
Timor-LesteMaliana
3.9%
BhutanPhuentsholing
3.8%
KuwaitHawalli
3.8%
LebanonZahlé
3.7%
TajikistanKhujand
3.7%
QatarAl Rayyan
3.7%
MaldivesAddu City
3.5%
TurkmenistanDaşoguz
3.5%
TajikistanQurghonteppa
3.4%
NepalLalitpur
3.3%
BhutanGelephu
3.3%
Sri LankaKesbewa
3.2%
Sri LankaDehiwala-Mount Lavinia
3.2%
MaldivesHulhumalé
2.9%
KuwaitFarwaniyah
2.1%
ThailandPak Kret
1.9%
KuwaitFintās
1.9%
QatarAl Wukair
1.7%

You're not logged in!

Compare scores with friends on all Sporcle quizzes.
OR
Log In

Sporcle TV

Today on Sporcle TV


Watch our educational content, quiz creation guides, and fun videos on Sporcle TV.

Show Comments

Extras

Top Quizzes Today


Score Distribution

Your Account Isn't Verified!

In order to create a playlist on Sporcle, you need to verify the email address you used during registration. Go to your Sporcle Settings to finish the process.

Report this User

Report this user for behavior that violates our Community Guidelines.

Details: